[Event "III Corporation Cup A"]
[Site "Izhevsk RUS"]
[Date "2011.07.23"]
[Round "8"]
[White "Demianjuk,A"]
[Black "Khruschiov,A"]
[Result "0-1"]
[WhiteElo "2317"]
[BlackElo "2409"]

1.d4 Nf6 2.c4 Nc6 3.Nf3 e6 4.Nc3 Bb4 5.Qc2 d6 6.Bd2 O-O 7.a3 Bxc3 8.Bxc3 Qe7
9.e3 e5 10.d5 Nd8 11.Nd2 Nd7 12.Be2 f5 13.O-O-O c5 14.dxc6 Nxc6 15.Bf3 Nc5
16.Bd5+ Be6 17.b4 Nd7 18.Qb3 Kh8 19.e4 a5 20.Rhe1 axb4 21.axb4 fxe4 22.Nxe4 Bxd5
23.Rxd5 Nf6 24.Nxf6 Qxf6 25.Rd2 Rfc8 26.Kb2 b5 27.cxb5 Nd4 28.Qd5 Nf5 29.b6 Ne7
30.Qb3 Rab8 31.f4 Nc6 32.fxe5 dxe5 33.Qd1 Rxb6 34.Rd6 Qh4 35.g3 Rxb4+ 36.Bxb4 Qxb4+
37.Qb3 Qxd6  0-1

[Event "4th Paleohora Open"]
[Site "Paleochora GRE"]
[Date "2011.07.23"]
[Round "5"]
[White "Snuverink,L"]
[Black "Vafiadis,K"]
[Result "0-1"]
[WhiteElo "1917"]
[BlackElo "2301"]

1.d4 Nf6 2.c4 Nc6 3.Nf3 d6 4.Nc3 e5 5.d5 Ne7 6.e4 g6 7.Be2 Bg7 8.O-O Nh5
9.b4 O-O 10.Re1 h6 11.c5 f5 12.cxd6 cxd6 13.b5 fxe4 14.Nxe4 Nf4 15.Ba3 Nxe2+
16.Rxe2 Nf5 17.Qd3 a6 18.bxa6 b6 19.Qb3 Bxa6 20.Rc2 Nd4 21.Nxd4 exd4 22.Rc6 Qh4
23.Ng3 d3 24.Bb2 Bd4 25.Bxd4 Qxd4 26.Rf1 Rxf2 27.Rxf2 Rf8 28.Qb2 Qxf2+ 29.Qxf2 Rxf2
30.Rxb6 Rxa2 31.Ne4 Bc4 32.Rc6 Rc2 33.Rc7 Kf8 34.Rd7 Bxd5 35.Nf6 Bg8  0-1

[Event "Open NK"]
[Site "Dieren NED"]
[Date "2011.07.26"]
[Round "7"]
[White "L'Ami,Alina"]
[Black "Deepan,C"]
[Result "1/2-1/2"]
[WhiteElo "2312"]
[BlackElo "2470"]

1.d4 Nf6 2.c4 Nc6 3.Nf3 e6 4.g3 Bb4+ 5.Bd2 Qe7 6.Nc3 d6 7.d5 Bxc3 8.Bxc3 Nb8
9.Bg2 e5 10.Nd2 O-O 11.O-O a5 12.e4 c6 13.f4 b5 14.fxe5 dxe5 15.Nf3 Ng4 16.Qe2 bxc4
17.h3 Qc5+ 18.Kh1 Ne3 19.Nxe5 Nxf1 20.Rxf1 cxd5 21.exd5 Ra6 22.Qxc4 Qxc4
23.Nxc4 a4 24.Bb4 Rd8 25.Ne5 f6 26.Nc6 Nxc6 27.dxc6 Kf7 28.Re1 Be6 29.c7 Rg8
30.a3 Rb6 31.Kh2 Rc8 32.Rc1 Rb5 33.Bc6 Rxc7 34.Be8+ Kxe8 35.Rxc7 Bd7 36.Kg2 Rd5
37.Rc5 Rd3 38.Rc7 h5 39.Rc5 g5 40.Rc3 Rd2+ 41.Kg1 Kf7 42.Re3 Rd1+ 43.Kg2 Bc6+
44.Kf2 Rh1 45.Re7+ Kg6 46.Bc3 Rh2+ 47.Ke1 Bd5 48.Rd7 Be6 49.Ra7 Rxh3 50.Ra6 Rh1+
51.Kf2 Rf1+ 52.Kxf1 Bc4+ 53.Kf2 Bxa6 54.Ba5 Bb7 55.Bd8 Bc6 56.Be7 Kf7 57.Bd8 Kg7
58.Be7 Kg6 59.Bd8 f5 60.Bc7 Bb7 61.Bd6 Kf7 62.Be5 Ke6 63.Bc7 Kf7 64.Bd8 Kg6
65.Bc7 h4 66.gxh4 gxh4 67.Ke3 Kg5 68.Bd6 Kg4 69.Bc7  1/2-1/2

[Event "98th ch-GBR"]
[Site "Sheffield ENG"]
[Date "2011.07.26"]
[Round "2.21"]
[White "Kolbus,D"]
[Black "Gregory,S"]
[Result "1-0"]
[WhiteElo "2335"]
[BlackElo "2109"]

1.d4 Nf6 2.c4 Nc6 3.Nf3 d6 4.d5 Ne5 5.Nxe5 dxe5 6.Nc3 e6 7.g3 exd5 8.cxd5 Bc5
9.Bg2 Bd7 10.O-O Qc8 11.Bg5 Bh3 12.Qa4+ Kf8 13.Rac1 Bxg2 14.Kxg2 Bb6 15.Qb4+ Ke8
16.Bxf6 gxf6 17.d6 c5 18.Qh4 Qe6 19.Rfd1 Bd8 20.Qh6 Kd7 21.Qg7 Bb6 22.Ne4 f5
23.Nxc5+ Bxc5 24.Rxc5 Rhc8 25.Rxe5 Qxa2 26.Re7+ Kc6 27.Rxf7  1-0

[Event "98th ch-GBR"]
[Site "Sheffield ENG"]
[Date "2011.07.27"]
[Round "3.28"]
[White "Boulton,William J K"]
[Black "Boyd,J"]
[Result "0-1"]
[WhiteElo "1971"]
[BlackElo "2200"]

1.d4 Nf6 2.c4 Nc6 3.Nf3 e6 4.Nc3 Bb4 5.Qc2 d6 6.a3 Bxc3+ 7.bxc3 e5 8.e4 O-O
9.Bg5 h6 10.Be3 Ng4 11.Bc1 f5 12.Bd3 Nf6 13.Nd2 fxe4 14.Nxe4 exd4 15.O-O Ng4
16.cxd4 Nxd4 17.Qc3 c5 18.f4 Bf5 19.Ng3 Qh4  0-1

[Event "98th ch-GBR"]
[Site "Sheffield ENG"]
[Date "2011.07.28"]
[Round "4.17"]
[White "Rudd,J"]
[Black "Gregory,S"]
[Result "1-0"]
[WhiteElo "2278"]
[BlackElo "2109"]

1.d4 Nf6 2.c4 Nc6 3.Nf3 d6 4.Nc3 e5 5.d5 Ne7 6.e4 Ng6 7.g3 Be7 8.Bg2 c6 9.O-O cxd5
10.cxd5 O-O 11.Nd2 Bd7 12.a4 Qc8 13.Qb3 h5 14.Nc4 h4 15.f4 exf4 16.gxf4 h3
17.Bf3 Bg4 18.f5 Nh4 19.Bxg4 Nxg4 20.Qb4 Re8 21.Bf4 a5 22.Qb5 Qd8 23.Bg3 Rc8
24.f6 Bxf6 25.Nxd6 Bd4+ 26.Kh1 Qg5 27.Nxc8 Rxc8 28.d6 Rxc3 29.Qxg5  1-0

[Event "98th ch-GBR"]
[Site "Sheffield ENG"]
[Date "2011.07.30"]
[Round "6.23"]
[White "Mason,D"]
[Black "Gregory,S"]
[Result "1/2-1/2"]
[WhiteElo "2237"]
[BlackElo "2109"]

1.d4 Nf6 2.c4 Nc6 3.Nf3 d6 4.Nc3 e5 5.g3 exd4 6.Nxd4 Be7 7.Bg2 Bd7 8.O-O O-O
9.Nc2 Re8 10.e4 Rb8 11.b3 a6 12.Bb2 b5 13.cxb5 axb5 14.Nd5 Nxd5 15.exd5 Na7
16.Nb4 Bf6 17.Bd4 Nc8 18.Rc1 Bxd4 19.Qxd4 Ra8 20.Rc2 Bf5 21.Rc3 Qd7 22.Rfc1 Ra7
23.Re3 Rxe3 24.Qxe3 h6 25.Re1 Kf8 26.Bf1 Nb6 27.f3 Ra8 28.Qe2 Qd8 29.Qe3 Bd7
30.Qc3 Kg8 31.h4 g6 32.Bd3 h5 33.Re2 Kh7 34.Rc2 Ra7 35.Kf2 Qh8 36.Qxh8+ Kxh8
37.Ke3 Kg7 38.Kd4 Kf6 39.Re2 Ra8 40.f4 Nc8 41.Rc2  1/2-1/2

[Event "15th HZ Open"]
[Site "Vlissingen NED"]
[Date "2011.08.03"]
[Round "6"]
[White "Schuhmacher,J"]
[Black "Riemens,A"]
[Result "1/2-1/2"]
[WhiteElo "1841"]
[BlackElo "2140"]

1.d4 Nf6 2.c4 Nc6 3.Nf3 e6 4.g3 d6 5.Bg2 g6 6.O-O Bg7 7.Nc3 O-O 8.Rb1 a5
9.a3 Re8 10.b4 axb4 11.axb4 e5 12.d5 Nd4 13.Nxd4 exd4 14.Nb5 Ne4 15.Bxe4 Rxe4
16.f3 Re8 17.Rf2 Ra2 18.e4 Rxf2 19.Kxf2 f5 20.Nxd4 fxe4 21.f4 Qf6 22.Nb5 Qf7
23.c5 e3+ 24.Bxe3 Bf5 25.Rb3 Qd7 26.Nd4 Be4 27.Ne6 dxc5 28.Nxg7 Kxg7 29.bxc5 Bxd5
30.Qd4+ Kg8 31.Rxb7 Ra8 32.Rxc7 Ra2+ 33.Bd2 Qxc7 34.Qxd5+ Qf7 35.Qd8+ Qf8
36.Qd5+ Qf7 37.Qd8+  1/2-1/2

[Event "50th World Juniors"]
[Site "Chennai IND"]
[Date "2011.08.04"]
[Round "3.55"]
[White "Turqueza,M"]
[Black "Abhilash,R"]
[Result "1-0"]
[WhiteElo "2235"]
[BlackElo "2109"]

1.d4 Nf6 2.c4 Nc6 3.Nf3 e6 4.g3 d5 5.Bg2 dxc4 6.Qa4 Nd7 7.Qxc4 Nb6 8.Qd3 e5
9.O-O exd4 10.Rd1 Be6 11.Nxd4 Nxd4 12.Qxd4 Qxd4 13.Rxd4 Bc5 14.Rd1 c6 15.Nc3 O-O
16.Ne4 Be7 17.Bf4 Rfd8 18.Bd6 Kf8 19.Bxe7+ Kxe7 20.Nc5 Rab8 21.f4 a6 22.b3 Nd7
23.Nxe6 fxe6 24.Kf2 e5 25.e4 Nf6 26.Bf3 a5 27.Ke3 Nd7 28.h4 a4 29.b4 Nb6
30.Be2 a3 31.Rab1 Rxd1 32.Rxd1 Ra8 33.Rd4 Na4 34.Rd3 Nb2 35.f5 Rd8 36.g4 b5
37.g5  1-0

[Event "98th ch-GBR"]
[Site "Sheffield ENG"]
[Date "2011.08.04"]
[Round "10.30"]
[White "Holland,J"]
[Black "Gregory,S"]
[Result "1/2-1/2"]
[WhiteElo "2196"]
[BlackElo "2109"]

1.d4 Nf6 2.c4 Nc6 3.Nf3 d6 4.Nc3 e5 5.g3 Bd7 6.Bg2 exd4 7.Nxd4 Be7 8.O-O O-O
9.Nc2 Re8 10.b3 a6 11.Bb2 Rb8 12.Ne3 Bf8 13.Ncd5 Nxd5 14.cxd5 Ne5 15.Qc2 c5
16.dxc6 bxc6 17.Nc4 Nxc4 18.Qxc4 a5 19.Bc3 Qb6 20.e3 d5 21.Qf4 f6 22.Rac1 Be6
23.Qa4 Ra8 24.e4 Bc5 25.exd5 Bxd5 26.Bxd5+ cxd5 27.Rcd1 Red8 28.Bd4 Rac8
29.Bxc5 Rxc5 30.Rd4 Qc7 31.Kg2 Kf7 32.Rfd1 Qb6 33.R1d2 Qb5 34.Qxb5 Rxb5 35.Kf3 Rd7
36.h4 Ke6 37.Rc2 Ra7 38.h5 g5 39.Rc6+ Ke5 40.Ke3 Re7 41.Kd3 Kf5 42.Rd6 Ke5
43.Ra6 Rc7 44.f4+ gxf4 45.gxf4+ Kf5 46.Rd6 Rcc5 47.Rd7 h6 48.Rd6 Kg4 49.Rxf6 Kxh5
50.Rd6 Kg4 51.Rg6+ Kf5 52.Rxh6 Rc1 53.Rh5+ Ke6 54.Re5+ Kd6 55.Kd2 Ra1 56.Ra4 Rf1
57.Re2 Rc5 58.Kd3 Rf3+ 59.Re3 Rf2 60.Re2 Rf3+ 61.Kd2 Rf1 62.Re1 Rf3 63.Rd4 Rf2+
64.Re2 Rf3 65.Rh2 Rf1 66.Rh6+ Kd7 67.Ke3 Re1+ 68.Kf2 Rec1 69.Kf3 Ra1 70.Rd2 Rg1
71.Ke3 Re1+ 72.Kd4 Rb5 73.Kc3 Rc5+ 74.Kd4 Rb5 75.Rg2 Re4+ 76.Kd3 Rxf4 77.Rg7+ Ke8
78.Ra6 Kf8 79.Rd7 Rf7 80.Rxf7+ Kxf7 81.Kd4 Ke7 82.Ke5 d4+ 83.Kxd4 Kd7 84.Kc4 Rh5
85.Kc3 Kc7 86.Kb2 Kb7 87.Rd6 Rh4 88.Ka3 Re4 89.Rd2 Kb6 90.Rc2 Rd4 91.Rc4 Rd2
92.Rg4 Re2 93.Rg6+ Kb5 94.Rg8 Kb6 95.Rb8+ Ka6 96.Rc8 Kb5 97.Rc1 Rd2 98.Rb1 Rf2
99.Rb2 Rf4 100.Rh2 Re4 101.Kb2 a4 102.Rh5+ Kb6 103.Kc3 axb3 104.axb3 Rg4
105.Rd5 Rg3+ 106.Kc4 Rg4+ 107.Rd4 Rxd4+ 108.Kxd4 Kb5 109.b4  1/2-1/2

[Event "98th ch-GBR"]
[Site "Sheffield ENG"]
[Date "2011.08.05"]
[Round "11.32"]
[White "Jaunooby,A"]
[Black "Jackson,J"]
[Result "0-1"]
[WhiteElo "2130"]
[BlackElo "2157"]

1.d4 Nf6 2.c4 Nc6 3.Nf3 e6 4.a3 d6 5.Nc3 g6 6.Bf4 Bg7 7.e4 O-O 8.Bg5 h6 9.Be3 Re8
10.h3 e5 11.d5 Nd4 12.Bd3 Nh5 13.Bb1 c5 14.dxc6 Nxf3+ 15.Qxf3 bxc6 16.Ba2 Be6
17.Rd1 Rb8 18.Rd2 Qa5 19.O-O Nf4 20.Nd1 Qa6 21.Rxd6 Bxc4 22.Bxc4 Qxc4 23.Bxa7 Ne2+
24.Kh1 Nd4 25.Ne3 Qa6 26.Bxd4 exd4 27.Rc1 dxe3 28.Rdxc6 Qd3 29.Rc7 Rf8 30.Rd1 Qb3
31.fxe3 Qxb2 32.a4 Qa2 33.Ra7 Rb1 34.Ra5 Rd8 35.Rd5 Rxd5 36.exd5 Be5 37.Kg1 Qa1
38.Rxb1 Qxb1+ 39.Qf1 Qe4 40.Qd1 Qxe3+ 41.Kh1 Qg3 42.Kg1 Qc3 43.Kh1 Qb4 44.Kg1 Kg7
45.Kf2 Qe4 46.Qb3 Bd4+ 47.Kg3 h5 48.Kh2 Qe5+  0-1

[Event "Politiken Cup"]
[Site "Helsingor DEN"]
[Date "2011.08.06"]
[Round "9.29"]
[White "Lund,E"]
[Black "Klings,P"]
[Result "1-0"]
[WhiteElo "2388"]
[BlackElo "2149"]

1.d4 Nf6 2.c4 Nc6 3.Nf3 e6 4.Nc3 Bb4 5.Qc2 d6 6.a3 Bxc3+ 7.Qxc3 O-O 8.g3 Re8
9.Bg2 e5 10.d5 Ne7 11.O-O h6 12.b4 Bf5 13.h3 Qd7 14.Kh2 Ne4 15.Qe3 Nf6 16.Qb3 Be4
17.a4 b6 18.Bb2 a6 19.Nd2 Bxg2 20.Kxg2 a5 21.bxa5 Rxa5 22.Bc3 Raa8 23.e4 Qc8
24.a5 Nd7 25.axb6 cxb6 26.Rxa8 Qxa8 27.Qb5 Qc8 28.Ra1 Qc7 29.Bb4 Rb8 30.Ra6 Nc5
31.Bxc5 bxc5 32.Qa4 Kf8 33.h4 f6 34.Ra7 Rb7 35.Ra8+ Rb8 36.h5 Rxa8 37.Qxa8+ Kf7
38.Qa4 Qb7 39.Nb3 Qb8 40.Qa2 Qb4 41.Na5 Qb6 42.Kh3 Qb8 43.Qb3 Qxb3 44.Nxb3 f5
45.exf5 Nxf5 46.Nd2 Ne7 47.Ne4 Nc8 48.Kg4 Ke7 49.Kf3 Nb6 50.Nd2 Nc8 51.Ke3 Kf6
52.g4 Ke7 53.Ne4 Kf8 54.f3 Ke8 55.Ng3 Ne7 56.Ke4 Kf7 57.Ne2 Nc8 58.Nc3 Kf6
59.Nb5 Ke7 60.Kf5 Kf7 61.Ke4 Ke7 62.Nc7 Nb6 63.Kd3 Nc8 64.Ne6 Kf6 65.Nc7 Ke7
66.Nb5 Kf6 67.Ke4 Kf7 68.Nc3 Nb6 69.Kd3 Kf6 70.Ne4+ Ke7 71.Ng3 Nc8 72.Ke4 Kf6
73.Nf5 Kf7 74.Ke3 Kf6 75.Ke4 Kf7 76.Kd3 Kf6 77.Kc3 Kf7 78.Kb3 g6 79.hxg6+ Kxg6
80.Ka4 Kg5 81.Kb5 h5 82.Kc6 hxg4 83.fxg4 Kxg4 84.Nxd6 Nxd6 85.Kxd6 e4 86.Kxc5 e3
87.d6 e2 88.d7 e1=Q 89.d8=Q Kf5 90.Qd5+ Kf6 91.Qd6+ Kf5 92.Kc6 Qa1 93.Qd5+ Kg6
94.Kb6 Qh8 95.Qd6+ Kf5 96.c5 Qb2+ 97.Kc7 Qa1 98.Qd5+ Kg6 99.c6 Qa7+ 100.Kc8 Qa8+
101.Kd7 Qa4 102.Qd6+ Kf7 103.Qe6+ Kg7 104.Kd8 Qa8+ 105.Qc8 Qa4 106.Qd7+ Kg6
107.Qe6+ Kh7 108.Qf5+ Kh6 109.c7 Qh4+ 110.Ke8 Qa4+ 111.Kf7 Qc4+ 112.Qe6+  1-0

[Event "7th Gazi-Heraklion Open"]
[Site "Heraklion GER"]
[Date "2011.08.06"]
[Round "1"]
[White "Kolomvakis,S"]
[Black "Parginos,V"]
[Result "0-1"]
[WhiteElo "1752"]
[BlackElo "2199"]

1.d4 Nf6 2.c4 Nc6 3.Nf3 e6 4.Bg5 Bb4+ 5.Nc3 h6 6.Bh4 g5 7.Bg3 Ne4 8.Rc1 h5
9.d5 h4 10.Bxc7 Qxc7 11.dxc6 Nxc3 12.bxc3 Bc5 13.e3 g4 14.Nd4 Rg8 15.g3 bxc6
16.Nb3 Ba3 17.Rb1 Rb8 18.Be2 Ba6 19.Qd4 Bd6 20.c5 Be5 21.Qd2 Bxe2 22.Kxe2 h3
23.Rhd1 Ke7 24.Qd3 Rb7 25.Qc4 f5 26.Rd3 Rd8 27.Rbd1 Rbb8 28.a4 Qb7 29.Rb1 Qc7
30.Rd2 Bf6 31.Rbd1 Qe5 32.Nd4 Qe4 33.Qa6 Bxd4 34.Rxd4 Rb2+ 35.R1d2 Qf3+ 36.Ke1 Qh1+
37.Ke2 Rxd2+ 38.Kxd2 Rb8 39.Rb4 Rxb4 40.cxb4 Qxh2 41.Ke2 Qg2 42.Qd3 Qf3+
43.Ke1 h2 44.Qd6+ Ke8  0-1

[Event "22nd ch-NATO"]
[Site "Kaunas LTU"]
[Date "2011.08.08"]
[Round "1.13"]
[White "Andersen,HC"]
[Black "Ola,Nathaniel"]
[Result "1-0"]
[WhiteElo "2211"]
[BlackElo "2019"]

1.d4 Nf6 2.c4 Nc6 3.Nf3 e6 4.Nc3 Bb4 5.Qc2 d6 6.Bd2 O-O 7.a3 Bxc3 8.Bxc3 d5
9.e3 Ne4 10.Bd3 f5 11.b4 Bd7 12.O-O g5 13.b5 Nb8 14.Bb4 Rf7 15.Ne5 Rf6 16.f3 Nd6
17.Bxd6 cxd6 18.Nxd7 Qxd7 19.cxd5 exd5 20.Rac1 Qe7 21.Rfe1 Nd7 22.Bxf5 Nb6
23.e4 Re8 24.a4 Nc4 25.Qc3 Qf7 26.g4 h5 27.exd5 Rxe1+ 28.Rxe1 Qxd5 29.Re7 Nb6
30.Qe3 Rxf5 31.gxf5 Qxf5 32.Re8+ Kg7 33.Qe7+ Qf7 34.Qxg5+ Kh7 35.Re7  1-0

[Event "50th World Juniors"]
[Site "Chennai IND"]
[Date "2011.08.09"]
[Round "7.48"]
[White "Mastalerz,X"]
[Black "Abhishek,K"]
[Result "0-1"]
[WhiteElo "2129"]
[BlackElo "2197"]

1.d4 Nf6 2.c4 Nc6 3.Nf3 e6 4.a3 d6 5.Nc3 g6 6.e4 Bg7 7.Be2 O-O 8.O-O Re8
9.Be3 e5 10.d5 Nd4 11.Nxd4 exd4 12.Bxd4 Nxe4 13.Bxg7 Kxg7 14.Nxe4 Rxe4 15.Bd3 Re8
16.f4 Qf6 17.f5 Bxf5 18.Bxf5 gxf5 19.Qd3 Re4 20.Rad1 Rae8 21.Rf3 f4 22.Rdf1 Qe5
23.b3 Re3 24.Qd1 Rxf3 25.Rxf3 b6 26.Qd2 Qe1+ 27.Qxe1 Rxe1+ 28.Kf2 Re4 29.g3 fxg3+
30.Rxg3+ Kf8 31.Rh3 a5 32.a4 Kg7 33.Rg3+ Kf6 34.Rh3 Rd4 35.Ke3 Rd1 36.Ke2 Rb1
37.Kd2 Kg6 38.Rg3+ Kf5 39.Rf3+ Ke5 40.Kc2 Rg1 41.Rxf7 Rg2+ 42.Kc3 Rxh2 43.Rxc7 Rh3+
44.Kc2 h5 45.Re7+ Kd4 46.Re6 Rh2+ 47.Kd1 Kc5 48.Kc1 h4 49.Rh6 h3 50.Kb1 Kd4
51.Rh5 Kc3 52.Rh4 Kxb3 53.Kc1 Rh1+ 54.Kd2 h2  0-1

[Event "29th World Junior Girls"]
[Site "Chennai IND"]
[Date "2011.08.10"]
[Round "8.27"]
[White "Sathya,Pri"]
[Black "Edes,Z"]
[Result "1-0"]
[WhiteElo "1842"]
[BlackElo "2067"]

1.d4 Nf6 2.c4 Nc6 3.Nc3 e5 4.d5 Ne7 5.e4 Ng6 6.Bd3 Bc5 7.Nf3 O-O 8.O-O a6
9.a3 d6 10.h3 Nh5 11.Ne2 f5 12.exf5 Bxf5 13.Bxf5 Rxf5 14.Be3 Rxf3 15.gxf3 Nh4
16.Qd3 Qf6 17.Qe4 Bxe3 18.fxe3 Nf5 19.Kh2 Rf8 20.b3 Qh6 21.f4 exf4 22.exf4 Qf6
23.Rab1 Qh4 24.Qf3 Re8 25.Rbe1 Nf6 26.Ng3 Ne3 27.Rh1 g5 28.fxg5 Qxg5 29.Rhg1 Nfg4+
30.Kh1 Rf8 31.Ne4 Qe5 32.Rxg4+ Nxg4 33.Qxg4+ Kh8 34.Qg5 Qd4 35.Qd2 Qe5 36.Nc3 Qf6
37.Qe3 Rf7 38.Kh2 h6 39.Nd1 Rg7 40.Qe8+ Kh7 41.Qe3 Rf7 42.Rg1 Re7 43.Qg3 Re8
44.Ne3 h5 45.Rf1 Qe7 46.Rf5 Kh6 47.Rxh5+ Kxh5 48.Qg4+  1-0

[Event "e2e4 Int Masters B"]
[Site "Sunningdale ENG"]
[Date "2011.08.10"]
[Round "1"]
[White "Brown,An"]
[Black "Jackson,J"]
[Result "1-0"]
[WhiteElo "2202"]
[BlackElo "2157"]

1.d4 Nf6 2.c4 Nc6 3.Nf3 e6 4.a3 d6 5.Nc3 g6 6.Bg5 h6 7.Bf4 g5 8.Bg3 Nh5 9.e3 Bg7
10.Bd3 Qe7 11.Rc1 a6 12.O-O Nxg3 13.hxg3 Bd7 14.b4 O-O 15.Bb1 f5 16.g4 fxg4
17.Qd3 Rf5 18.Nh2 h5 19.Ne2 Be8 20.Ng3 Bg6 21.Nxf5 Bxf5 22.Qb3 Bxb1 23.Rxb1 Qf7
24.Rfd1 Rf8 25.Qc2 Ne7 26.Nf1 h4 27.Rb2 h3 28.Qe4 Ng6 29.Qxg4 hxg2 30.Nh2 Nh4
31.Rbd2 Qf6 32.a4 Qh6 33.f3 Kh8 34.Rf2 e5 35.d5 Nf5 36.Re1 Nh4 37.e4 Bf6
38.Qh3 Bd8 39.Ng4 Qh7 40.a5 c5 41.bxc5 Bxa5 42.Ra1 Bc3 43.Rd1 Bb4 44.cxd6 Bc5
45.Kh2 Bxf2 46.Nxf2 Rxf3 47.Qc8+ Kg7 48.Kg1 Rf8 49.Qg4 Kh8 50.Rd3 Qf7 51.Qg3 Qf6
52.c5 b6 53.cxb6 Nf3+ 54.Rxf3 Qxf3 55.Qxf3 Rxf3 56.Nd3 Rf8 57.Nxe5 Rb8 58.d7  1-0

[Event "XX TCh-MKD"]
[Site "Struga MKD"]
[Date "2011.08.11"]
[Round "4"]
[White "Tancev,Z"]
[Black "Arnaudov,G"]
[Result "0-1"]
[WhiteElo "2284"]
[BlackElo "2439"]

1.d4 Nf6 2.c4 Nc6 3.Nf3 e6 4.a3 d6 5.Nc3 g6 6.e4 Bg7 7.Be2 O-O 8.O-O Re8
9.d5 exd5 10.cxd5 Ne7 11.Bf4 c6 12.dxc6 Nxc6 13.Bc4 Be6 14.Bxe6 Rxe6 15.Ng5 Re7
16.Qxd6 h6 17.Nf3 Nxe4 18.Nxe4 Rxe4 19.Rab1 g5 20.Qxd8+ Rxd8 21.Be3 f5 22.b4 f4
23.b5 fxe3 24.bxc6 e2 25.Rfc1 bxc6 26.Ne1 Bd4 27.g3 Rf8 28.Rxc6 Rxf2 29.Kh1 Bb6
30.a4 g4 31.h4 Rxa4 32.Rxh6 Rd4 33.Kg1 Rd1 34.Rhxb6 Rf1+ 35.Kg2 axb6 36.Rxd1 exd1=Q
37.Kxf1 b5 38.Kf2 b4 39.Ng2 Qf3+ 40.Kg1 Qxg3  0-1

[Event "e2e4 Int Masters B"]
[Site "Sunningdale ENG"]
[Date "2011.08.13"]
[Round "6"]
[White "Rausis,I"]
[Black "Jackson,J"]
[Result "1-0"]
[WhiteElo "2510"]
[BlackElo "2157"]

1.d4 Nf6 2.c4 Nc6 3.Nf3 e6 4.g3 d5 5.Bg2 dxc4 6.Qa4 Bb4+ 7.Bd2 Nd5 8.Bxb4 Nxb4
9.O-O Rb8 10.Nc3 a6 11.Ne5 O-O 12.Bxc6 Nxc6 13.Nxc6 bxc6 14.Qxc4 Qd6 15.Ne4 Qd5
16.Qxd5 cxd5 17.Nc5 Rxb2 18.e3 Rd8 19.Rfb1 Rb6 20.a4 Bd7 21.Rc1 a5 22.Nxd7 Rxd7
23.Rc5 Ra6 24.Rb1 Kf8 25.Rb7 Ke7 26.Rcxc7 Rxc7 27.Rxc7+ Kf6 28.g4 g5 29.Kg2 Kg6
30.Kg3 h6 31.h4 gxh4+ 32.Kxh4 Ra8 33.Rc6 Kg7 34.Kg3 Kg6 35.Kf4 Kf6 36.Rb6 Ra7
37.Rb5 Ra6 38.Rb7 Ra8 39.Rb1 Rc8 40.Rb5 Ra8 41.f3 Ra7 42.e4 dxe4 43.fxe4 Ra6
44.Rh5 Kg6 45.Ke3 Ra7 46.Kd3 Kf6 47.Kc4 Ra8 48.Kb5 Rg8 49.Rxh6+ Ke7 50.Rh4 Rg5+
51.Kc6 Rg8 52.Kb6 Ra8 53.Rh5 Rg8 54.g5 Rd8 55.Kxa5 Rxd4 56.Rh4 Kd6 57.Kb5 Rd1
58.Rg4 Rb1+ 59.Ka6 Re1 60.a5 Kc6 61.Rf4 Rg1 62.Rxf7 Rxg5 63.Rf1 Rc5 64.Rb1 Kc7
65.Rb7+ Kc6 66.Rb6+ Kd7 67.Rb5 Rc4 68.Kb7 Rxe4 69.a6 Ra4 70.a7 Kd6 71.a8=Q Rxa8
72.Kxa8 Kc6 73.Ra5  1-0

[Event "27th Geraadsbergen Open"]
[Site "Geraadsbergen BEL"]
[Date "2011.08.15"]
[Round "9.13"]
[White "Goormachtigh,J"]
[Black "Bettman,J"]
[Result "1-0"]
[WhiteElo "2237"]
[BlackElo "1890"]

1.d4 Nf6 2.c4 Nc6 3.Nf3 d6 4.Nc3 h6 5.g3 e5 6.d5 Ne7 7.e4 g5 8.c5 Ng6 9.cxd6 Qxd6
10.h4 gxh4 11.Nxh4 Nxh4 12.Rxh4 a6 13.Be3 Rg8 14.Bxh6 Be7 15.Bd2 Ng4 16.Rh1 Nxf2
17.Kxf2 Qg6 18.Qf3 Bg4 19.Qd3 O-O-O 20.Be2 Qf6+ 21.Kg2 Bd7 22.Rh6  1-0

[Event "27th Faaker See Open"]
[Site "Latschach AUT"]
[Date "2011.08.15"]
[Round "4"]
[White "Rodman,F"]
[Black "Kukov,V"]
[Result "1/2-1/2"]
[WhiteElo "2143"]
[BlackElo "2377"]

1.d4 Nf6 2.c4 Nc6 3.Nc3 e5 4.d5 Ne7 5.Nf3 Ng6 6.g3 Bb4 7.Qc2 O-O 8.Bg2 d6
9.O-O Bxc3 10.Qxc3 Ne4 11.Qc2 f5 12.Nd2 Nf6 13.e3 f4 14.exf4 exf4 15.Nf3 Ng4
16.Nd4 N4e5 17.Be4 f3 18.a4 Bh3 19.Re1 Qc8 20.Ra3 Qg4 21.Ree3 Bg2 22.Bxg6 Nxg6
23.Re4 Qh3 24.Qd1 Ne5 25.Rh4 Qd7 26.Ne6 Rf6 27.Re3 h6 28.Ree4 g5 29.Bxg5 hxg5
30.Nxg5 Rg6 31.Ne6 Re8 32.Nf4 Rg5 33.Nxg2 fxg2 34.Kxg2 Ng6 35.Rhg4 Rxg4 36.Rxe8+ Qxe8
37.Qxg4 Kf8 38.h4 Ne5 39.Qf5+ Qf7 40.Qe4 c6 41.dxc6 bxc6 42.c5 Qc4 43.Qxc4 Nxc4
44.b3 Ne5 45.cxd6 a5 46.h5 Nf7 47.d7 Ke7 48.f4 Kxd7 49.g4 Ke6 50.Kf3 c5 51.Ke4 Nd6+
52.Kd3 Kf6 53.Kc3 Kf7 54.g5 Kg7 55.Kd3 Kh7 56.f5 Nxf5 57.Kc4 Nd4 58.Kxc5 Nxb3+
59.Kd5 Kg7 60.Kd6 Kf7 61.h6 Kg6 62.Ke7 Nd4 63.h7 Kxh7 64.Kf7 Nf5 65.g6+ Kh8
66.Kf6 Nd6 67.Ke6 Nc4 68.Kf7 Ne5+ 69.Kf6 Ng4+ 70.Kf7 Nh6+ 71.Kf8 Nf5 72.Kf7 Nh6+  1/2-1/2

[Event "ch-FRA Accession"]
[Site "Caen FRA"]
[Date "2011.08.16"]
[Round "1.7"]
[White "Decosse,J"]
[Black "Bujisho,B"]
[Result "0-1"]
[WhiteElo "2208"]
[BlackElo "2369"]

1.d4 Nf6 2.c4 Nc6 3.Nf3 e6 4.Nc3 g6 5.d5 Ne7 6.e4 d6 7.Be2 Bg7 8.O-O O-O
9.Ne1 c6 10.Nc2 a6 11.Kh1 cxd5 12.cxd5 exd5 13.exd5 Re8 14.Bf3 h6 15.Ne3 Nf5
16.g3 Nxe3 17.Bxe3 Bh3 18.Bg2 Qd7 19.Qd2 Kh7 20.Rfe1 Re5 21.Bxh3 Qxh3 22.Bf4 Rh5
23.f3 Rd8 24.Kg1 g5 25.Be3 b5 26.a3 Nd7 27.g4 Ne5 28.Rf1 Rh4 29.Qg2 Nxg4
30.Qxh3 Rxh3 31.Bb6 Rb8 32.fxg4 Rxb6 33.Rxf7 Kg8 34.Raf1 b4 35.Nd1 bxa3 36.bxa3 Rd3
37.Re7 Rb1 38.Ne3 Rxf1+ 39.Kxf1 Be5 40.Ke2 Rxa3 41.Nf5 Bxh2 42.Nxh6+ Kf8
43.Nf5 Ra2+ 44.Kf3 Rd2 45.Ra7 Rxd5 46.Rxa6 Kf7 47.Ra7+ Kf6 48.Rh7 Bf4 49.Rh8 Rd2
50.Re8 d5 51.Rf8+ Ke6 52.Ra8 Kd7 53.Ra6 Rd3+ 54.Ke2 Rd2+ 55.Kf3 Kc7 56.Rg6 Ra2
57.Rh6 Ra3+ 58.Ke2 Be5 59.Rg6 d4 60.Nxd4 Bxd4 61.Rxg5 Kd6 62.Rf5 Ke6 63.Rf3 Ra2+
64.Kd3 Kd5 65.Rf5+ Be5 66.Ke3 Ra3+ 67.Kf2 Ke4 68.Rf8 Ra2+ 69.Kg1 Bf4 70.Rc8 Kf3
71.Rc3+ Be3+ 72.Kh1 Ra1+ 73.Kh2 Ra8  0-1

[Event "27th Faaker See Open"]
[Site "Latschach AUT"]
[Date "2011.08.16"]
[Round "5"]
[White "Hafner,R"]
[Black "Sentug,H"]
[Result "1/2-1/2"]
[WhiteElo "2113"]
[BlackElo "1931"]

1.d4 Nf6 2.c4 Nc6 3.Nf3 e6 4.Nc3 Bb4 5.Bd2 O-O 6.e3 d6 7.a3 Bxc3 8.Bxc3 Re8
9.Be2 Qe7 10.O-O Ne4 11.Qc2 Nxc3 12.Qxc3 e5 13.dxe5 dxe5 14.b4 e4 15.Nd4 Ne5
16.Rfd1 a6 17.c5 Qh4 18.Rd2 Bg4 19.Bxg4 Qxg4 20.h3 Qg6 21.Rad1 Rad8 22.Kh2 Nd3
23.Ne2 Qg5 24.Kg1 h6 25.Nf4 Nxf4 26.exf4 Rxd2 27.Qxd2 Qe7  1/2-1/2

[Event "Malaysian Open"]
[Site "Kuala Lumpur MAS"]
[Date "2011.08.19"]
[Round "3.15"]
[White "Vakhidov,J"]
[Black "Mariano,N2"]
[Result "1-0"]
[WhiteElo "2392"]
[BlackElo "2242"]

1.d4 Nf6 2.c4 Nc6 3.Nf3 e6 4.a3 d6 5.Nc3 g6 6.d5 Ne7 7.dxe6 Bxe6 8.Nd4 Bg7
9.e4 O-O 10.Be2 Qd7 11.O-O Nc6 12.Nc2 Ne5 13.f4 Nc6 14.Ne3 Ne7 15.g4 Qc6
16.Bf3 Qb6 17.Kh1 g5 18.fxg5 Nd7 19.Nf5 Ng6 20.Be3 Qxb2 21.Nxg7 Qxc3 22.Bd4 Qa5
23.Nf5 Nde5 24.Bg2 c5 25.Bb2 Qd8 26.Nh6+ Kg7 27.Rf6 Qd7 28.Qe1 Bxg4 29.Qg3 Be6
30.Rd1 Nh8 31.Rg6+ hxg6 32.Bxe5+ dxe5 33.Rxd7 Bxd7 34.Qxe5+ Kh7 35.h4 b6
36.Qe7 Be6 37.h5 Rae8 38.hxg6+ Kxg6 39.Qf6+ Kh7 40.e5 Rg8 41.Be4+ Rg6 42.Nxf7  1-0

[Event "26th Universiade Women"]
[Site "Shenzhen CHN"]
[Date "2011.08.19"]
[Round "7"]
[White "Purtseladze,M"]
[Black "Vasilevich,I"]
[Result "1/2-1/2"]
[WhiteElo "2364"]
[BlackElo "2367"]

1.d4 Nf6 2.c4 Nc6 3.Nc3 e5 4.dxe5 Nxe5 5.e3 Bb4 6.Bd2 O-O 7.a3 Be7 8.Nf3 d6
9.Qc2 Be6 10.Ng5 Bd7 11.f4 Ng6 12.Bd3 Bc6 13.h4 Re8 14.O-O-O Nf8 15.Nd5 Bxd5
16.cxd5 c6 17.Bc3 cxd5 18.Bb5 h6 19.Bxe8 Qxe8 20.Kb1 hxg5 21.Bxf6 gxf6 22.hxg5 fxg5
23.Rxd5 Bf6 24.Rxd6 Bg7 25.Qd3 Qe7 26.Rh5 gxf4 27.exf4 Qe1+ 28.Ka2 Qf2 29.Qd2 Qxd2
30.Rxd2 Re8 31.Rb5 b6 32.f5 Bf6 33.Rb3 Bg5 34.Rc2 Kg7 35.Rg3 Nh7 36.Rc7 Re2
37.Rxa7 Kf6 38.Rh3 Nf8 39.Rb3 Be3 40.g4 Nh7 41.Rc3 Bd4 42.Rb3 Ng5 43.a4 Ne4
44.Ra6 Kg5 45.Rbxb6 Nc3+ 46.Ka3 Nb1+ 47.Ka2 Nc3+ 48.Kb3 Bxb6 49.Kxc3 Bf2
50.Rd6 Be1+ 51.Kb3 Re4 52.Rd5 Rb4+ 53.Ka3 Rxg4 54.a5 Bf2 55.a6 Re4 56.b4 Re1
57.b5 Kf6 58.Kb4 Rb1+ 59.Kc3 Ke7 60.Kc2 Re1 61.Rd2 Bb6 62.Rd5 Re3 63.Kd2 Ra3
64.Re5+ Kd6 65.Re8 Bd4 66.Rb8 f6 67.b6 Rxa6 68.Rd8+ Ke5 69.b7 Ba7 70.Ra8 Rd6+
71.Ke2 Rb6 72.Rxa7 Kxf5 73.Kd3 Kg4 74.Kc3 Kg5 75.Kc4 f5 76.Kc5 Rb1 77.Kc6 Rc1+
78.Kd7 Rd1+ 79.Kc8 Rc1+ 80.Kb8 Rb1  1/2-1/2

[Event "Trade Fair Open A"]
[Site "Brno CZE"]
[Date "2011.08.22"]
[Round "3"]
[White "Hosek,Ma"]
[Black "Pekar,V"]
[Result "0-1"]
[WhiteElo "1978"]
[BlackElo "2155"]

1.d4 Nf6 2.c4 Nc6 3.Nf3 e6 4.Nc3 Bb4 5.Qc2 h6 6.e4 d6 7.Bd3 O-O 8.a3 Bxc3+
9.Qxc3 Qe7 10.O-O e5 11.d5 Nb8 12.h3 a5 13.b3 b6 14.Be3 Nbd7 15.b4 Bb7 16.Rab1 axb4
17.axb4 Ra7 18.Rfc1 Rfa8 19.c5 Bxd5 20.exd5 Ra3 21.cxd6 cxd6 22.Ra1 Rxa1
23.Rxa1 Rxa1+ 24.Qxa1 e4 25.Qa8+ Qf8 26.Qxf8+ Kxf8 27.Be2 exf3 28.Bxf3 Ne5
29.Bd1 Nxd5 30.Bd2 Nc6 31.b5 Nd4 32.Ba4 Ke7 33.f3 Ke6 34.Be1 Nc7 35.Kf2 Kd5
36.Ke3 Kc4 37.Ke4 f5+ 38.Kf4 Nd5+ 39.Kg3 g6  0-1